01097ngm a2200313 4500003000400000005001700004007000300021008004100024010002000065024002100085035002000106040001300126082001300139245005900152260002800211300005000239440003300289500013900322538004900461538012500510650001900635700001600654700001800670700002300688700001900711700001200730700001700742700002400759dpl20100304121923.0ta||||||sp199 xxu|||||c ||| 00| 0 ng d  aDVD-005878-5884 aDHIF1792Sc99.00 aDVD-005878-5884 aDPLcDPL aDVD GURU aGurucMani Ratnam Film Presentsh[videorecording] DVD/ bMoserbaer Entertainment a1 videodisc DVD;bsd., col. ;c4 3/4 in.fDVD aMoserbaer Home Entertainment aMoserbaer India Ltd. has obtained the necessary license/consent from the owner of the copyright in the works for making this DVD Film. aDolby Digital 5.1 - Hindi Subtitles: English aThis DVD can be played back on DVD Players, multimedia systems & PC with MPEG card interactive with version 2.0 players. aMotion Picture aMani Ratnam aSriniwasan, G aBachchan, Abhishek aRai, Aishwarya aMadhvan aBalan, Vidya aChakraborty, Mithun